MARC
| LEADER | 000000000a22000000004500 | ||
|---|---|---|---|
| 001 | 012697 | ||
| 020 | |a 9684930062 | ||
| 041 | 0 | |a spa | |
| 082 | 0 | 4 | |a M863.4 |b S157p |
| 100 | 1 | |a Sainz, Gustavo, |d 1940- | |
| 245 | 1 | 3 | |a La princesa del palacio de hierro / |c Gustavo Sainz. |
| 260 | 1 | |a México : |b Océano, |c 1982. | |
| 300 | |a 285 páginas | ||
| 500 | |a Material disponible en BCMA | ||
| 650 | 4 | |a LITERATURA MEXICANA | |
| 650 | 4 | |a NOVELA | |
| 500 | |a Colección George Yúdice | ||
| 999 | |c 18651 |d 18651 | ||
| 942 | |c BK |h M863.4 S157p |2 z | ||



